[Event "Plzen, FSB B"]
[Site "?"]
[Date "2004.??.??"]
[Round "5.12"]
[White "Balhar, J."]
[Black "Bauer, T."]
[Result "1-0"]
[WhiteElo "1000"]
[BlackElo "1395"]
[PlyCount "55"]
[EventDate "2004.??.??"]
[Source "ChessBase"]
[SourceDate "1996.11.15"]

1. d4 d5 2. c4 e6 3. Nc3 Nf6 4. Bg5 Be7 5. e3 Nbd7 6. Nf3 b6 7. cxd5 exd5 8.
Be2 Bb7 9. O-O Ne4 10. Bxe7 Qxe7 11. Rc1 Rc8 12. Qa4 O-O 13. Qxa7 Bc6 14. Nxe4
Nc5 15. Qa3 dxe4 16. Nd2 Qd7 17. Qc3 Rfd8 18. Nb1 Bb5 19. Bxb5 c6 20. dxc5 cxb5
21. Qe5 h6 22. Qxe4 bxc5 23. Nc3 b4 24. Rfd1 bxc3 25. Rxd7 Rxd7 26. bxc3 Rcd8
27. g3 Rd2 28. Rc2 1-0

[Event "Plzen, FSB B"]
[Site "?"]
[Date "2004.??.??"]
[Round "5.13"]
[White "Kracikova, K."]
[Black "Drazsky, R."]
[Result "0-1"]
[WhiteElo "1374"]
[BlackElo "1250"]
[PlyCount "80"]
[EventDate "2004.??.??"]
[Source "ChessBase"]
[SourceDate "1996.11.15"]

1. e3 d5 2. g3 e5 3. b3 Nf6 4. Bb2 Nc6 5. Bg2 Be7 6. Ne2 O-O 7. d3 Bf5 8. Nd2
Qd7 9. h3 Rad8 10. g4 Bg6 11. f4 exf4 12. Nxf4 Qd6 13. h4 d4 14. Qf3 dxe3 15.
Nc4 Nd4 16. Bxd4 Qxd4 17. Rc1 Bb4+ 18. Ke2 Rde8 19. g5 Nd7 20. Nd5 Bd6 21. h5
f6 22. Ndxe3 fxg5 23. Qxf8+ Rxf8 24. hxg6 h6 25. Nxd6 cxd6 26. Bd5+ Kh8 27.
Rhf1 Nf6 28. Be4 Re8 29. Rxf6 gxf6 30. Nf5 Rxe4+ 31. dxe4 Qxe4+ 32. Ne3 f5 33.
Kd2 Qd4+ 34. Ke2 f4 35. g7+ Kg8 36. Ng4 Kxg7 37. Rd1 Qe4+ 38. Kf1 Qh1+ 39. Ke2
f3+ 40. Kd2 Qg2+ 0-1

[Event "Plzen, FSB B"]
[Site "?"]
[Date "2004.??.??"]
[Round "5.14"]
[White "Konig, M."]
[Black "Valek, T."]
[Result "1/2-1/2"]
[WhiteElo "1274"]
[BlackElo "1250"]
[PlyCount "104"]
[EventDate "2004.??.??"]
[Source "ChessBase"]
[SourceDate "1996.11.15"]

1. e4 d5 2. exd5 Nf6 3. d4 Nxd5 4. Nf3 Bf5 5. c4 Nb6 6. Nc3 Nc6 7. a3 e6 8. Be2
Qd7 9. O-O O-O-O 10. c5 Nd5 11. Nxd5 Qxd5 12. Qa4 Be4 13. Rd1 Qf5 14. b4 Bc2
15. Qb5 Bxd1 16. Bxd1 a6 17. Qc4 Qd5 18. Qxd5 Rxd5 19. Bb2 g6 20. Bb3 Rd7 21.
d5 Rg8 22. dxc6 bxc6 23. Rd1 Rxd1+ 24. Bxd1 Bh6 25. Be2 Kb7 26. h4 Rd8 27. a4
Bd2 28. b5 axb5 29. axb5 Rd5 30. bxc6+ Kxc6 31. Nd4+ Kxc5 32. Nf3 Kb4 33. Be5
c5 34. Bf1 c4 35. Nd4 c3 36. Bd3 Ka3 37. Bf6 Kb2 38. Be4 e5 39. Bxd5 exd4 40.
Bxd4 Kb1 41. Bxc3 Bxc3 42. Bxf7 Kc2 43. Bg8 h6 44. Bf7 g5 45. hxg5 hxg5 46. f3
Bd2 47. Kf2 Kd3 48. Bg6+ Kd4 49. Kg3 Ke5 50. Bc2 Kf6 51. Kg4 Ke5 52. g3 Bc1
1/2-1/2

[Event "Plzen, FSB B"]
[Site "?"]
[Date "2004.??.??"]
[Round "5.15"]
[White "Simecek, J."]
[Black "Simlova, J."]
[Result "0-1"]
[WhiteElo "1100"]
[BlackElo "1508"]
[PlyCount "48"]
[EventDate "2004.??.??"]
[Source "ChessBase"]
[SourceDate "1996.11.15"]

1. e4 e6 2. d4 d5 3. e5 c5 4. c3 Nc6 5. Nf3 Qb6 6. b3 Nge7 7. Bd3 cxd4 8. cxd4
Bd7 9. Be3 Nb4 10. Qd2 Nxd3+ 11. Qxd3 Bb5 12. Qd2 Nc6 13. Qd1 Bb4+ 14. Nbd2 O-O
15. Qc2 Ne7 16. Qd1 Rac8 17. a3 Bc3 18. Rc1 Nf5 19. h3 Bd3 20. b4 Bb2 21. Nb3
Bxc1 22. Nxc1 Ba6 23. Ne2 Qb5 24. Bd2 Qd3 0-1

[Event "Plzen, FSB B"]
[Site "?"]
[Date "2004.??.??"]
[Round "5.16"]
[White "Iwanow, A."]
[Black "Kucera, M."]
[Result "1-0"]
[WhiteElo "1800"]
[BlackElo "1100"]
[PlyCount "61"]
[EventDate "2004.??.??"]
[Source "ChessBase"]
[SourceDate "1996.11.15"]

1. e4 e5 2. Nf3 Nc6 3. Bc4 Nf6 4. Ng5 d5 5. exd5 Na5 6. Bb5+ c6 7. dxc6 bxc6 8.
Be2 h6 9. Nf3 e4 10. Ne5 Bd6 11. f4 O-O 12. O-O Re8 13. Nc3 Bxe5 14. fxe5 Rxe5
15. d4 exd3 16. Qxd3 Qxd3 17. Bxd3 Re7 18. Bxh6 gxh6 19. Rxf6 Kg7 20. Raf1 Be6
21. a3 Nc4 22. Bxc4 Bxc4 23. R1f5 Rae8 24. h3 Re3 25. Rxc6 Be6 26. Rf3 Re5 27.
Rg3+ Kh7 28. Rf3 a5 29. Rb6 Re7 30. Rb5 Ra7 31. Rxe5 1-0

[Event "Plzen, FSB B"]
[Site "?"]
[Date "2004.??.??"]
[Round "5.17"]
[White "Uzel, J."]
[Black "Steinhauser, V."]
[Result "1-0"]
[WhiteElo "1408"]
[BlackElo "1100"]
[PlyCount "29"]
[EventDate "2004.??.??"]
[Source "ChessBase"]
[SourceDate "1996.11.15"]

1. e4 d5 2. exd5 Nf6 3. Bc4 Nxd5 4. Qh5 Nf4 5. Qxf7+ Kd7 6. Qxf4 Ke8 7. Qf7+
Kd7 8. Nf3 Nc6 9. O-O b6 10. Re1 Bb7 11. Re3 Rb8 12. Rd3+ Kc8 13. Be6+ Qd7 14.
Bxd7+ Kd8 15. Qe8# 1-0

[Event "Plzen, FSB B"]
[Site "?"]
[Date "2004.??.??"]
[Round "5.18"]
[White "Steinhauserova, A."]
[Black "Nebehaj, O."]
[Result "1/2-1/2"]
[WhiteElo "1100"]
[BlackElo "1250"]
[PlyCount "70"]
[EventDate "2004.??.??"]
[Source "ChessBase"]
[SourceDate "1996.11.15"]

1. e4 e5 2. d4 d6 3. Nf3 Bg4 4. dxe5 Bxf3 5. Qxf3 dxe5 6. Bc4 Nf6 7. Qb3 Qe7 8.
Qxb7 Qb4+ 9. Qxb4 Bxb4+ 10. c3 Bc5 11. O-O c6 12. b4 Bb6 13. Nd2 Ng4 14. Ba3
Nxf2 15. Rxf2 Bxf2+ 16. Kxf2 O-O 17. Kg3 a6 18. Rf1 Ra7 19. Nf3 Re8 20. Ng5
Ree7 21. Bc1 h6 22. Nf3 Nd7 23. Be3 Ra8 24. Rd1 Nf6 25. Bc5 Nxe4+ 26. Kh3 Nxc5
27. bxc5 e4 28. Nd4 Re5 29. Nb3 e3 30. Re1 Rae8 31. Kg3 Rg5+ 32. Kf3 Rf5+ 33.
Kg3 Rg5+ 34. Kf3 Rf5+ 35. Kg3 Rg5+ 1/2-1/2

[Event "Plzen, FSB B"]
[Site "?"]
[Date "2004.??.??"]
[Round "5.19"]
[White "Krizek, M."]
[Black "Vachal, P."]
[Result "1/2-1/2"]
[WhiteElo "1100"]
[BlackElo "1100"]
[PlyCount "41"]
[EventDate "2004.??.??"]
[Source "ChessBase"]
[SourceDate "1996.11.15"]

1. e4 e5 2. Nf3 Nc6 3. Bb5 d6 4. d4 Bd7 5. dxe5 Nxe5 6. Nxe5 Bxb5 7. Qd5 Bc4 8.
Nxc4 c6 9. Qd1 b5 10. Ne3 Qa5+ 11. Bd2 Qa4 12. Nc3 Qd4 13. O-O O-O-O 14. Nf5
Qb6 15. Be3 Qc7 16. Bf4 a6 17. Qd2 Nf6 18. Rad1 Ne8 19. Qe2 g6 20. Nh6 Bxh6 21.
Bxh6 1/2-1/2

[Event "Plzen, FSB B"]
[Site "?"]
[Date "2004.??.??"]
[Round "6.1"]
[White "Havlikova, K."]
[Black "Havlik, J."]
[Result "0-1"]
[WhiteElo "1620"]
[BlackElo "1775"]
[PlyCount "90"]
[EventDate "2004.??.??"]
[Source "ChessBase"]
[SourceDate "1996.11.15"]

1. e4 e6 2. d4 d5 3. exd5 exd5 4. Bd3 Bd6 5. c3 c6 6. Qc2 h6 7. Ne2 Qf6 8. O-O
Ne7 9. Ng3 Nd7 10. Nd2 Nf8 11. Nf3 Bg4 12. Ne1 O-O-O 13. h3 Bd7 14. Nh5 Qh4 15.
Nxg7 Rg8 16. Nf5 Nxf5 17. Bxf5 Qh5 18. Bxd7+ Nxd7 19. Qd3 Nf6 20. Qf3 Qh4 21.
Qf5+ Kb8 22. Nf3 Qh5 23. Qxh5 Nxh5 24. Re1 Bf4 25. Kf1 Bxc1 26. Rexc1 Nf4 27.
Ne1 Rg6 28. h4 Re8 29. g3 Nh5 30. Ng2 Rf6 31. Re1 Nxg3+ 32. Kg1 Ne4 33. f4 Rg8
34. Kh2 Rfg6 35. Ne3 Nf6 36. Kh3 Rg3+ 37. Kh2 Rf3 38. Nf5 Rxf4 39. Rf1 Ng4+ 40.
Kh3 Nf2+ 41. Rxf2 Rxf2 42. Nxh6 Rh8 43. Ng4 Rf4 44. Kg3 Re4 45. Rh1 Rg8 0-1

[Event "Plzen, FSB B"]
[Site "?"]
[Date "2004.??.??"]
[Round "6.2"]
[White "Palkova, K."]
[Black "Benak, J."]
[Result "1-0"]
[WhiteElo "1713"]
[BlackElo "1730"]
[PlyCount "91"]
[EventDate "2004.??.??"]
[Source "ChessBase"]
[SourceDate "1996.11.15"]

1. e4 Nc6 2. d4 Nf6 3. Nc3 d5 4. e5 Nd7 5. Nxd5 Ndb8 6. Ne3 Qxd4 7. Qxd4 Nxd4
8. f4 Nbc6 9. c3 Nf5 10. Nd5 Kd8 11. Bd3 e6 12. Ne3 Bc5 13. Nxf5 exf5 14. Nf3
Be6 15. Ke2 Re8 16. Rd1 Ke7 17. b4 Bb6 18. b5 Na5 19. Ba3+ Kd8 20. Bxf5+ Kc8
21. Bxe6+ fxe6 22. Bb4 c5 23. Bxa5 Bxa5 24. c4 a6 25. a4 Kc7 26. Rd6 h6 27.
Rad1 Re7 28. Nh4 axb5 29. axb5 Bb6 30. Ng6 Ra2+ 31. Kf1 Rf7 32. Rc1 Rd7 33.
Rcd1 Rf7 34. Rxe6 Rc2 35. Re7+ Rxe7 36. Nxe7 Rxc4 37. Nd5+ Kb8 38. Nxb6 Rxf4+
39. Ke2 Rb4 40. Nd7+ Kc7 41. b6+ Kc6 42. Kf3 Rb3+ 43. Kf4 Rb2 44. e6 Rb4+ 45.
Kf5 Rb2 46. Ne5+ 1-0

[Event "Plzen, FSB B"]
[Site "?"]
[Date "2004.??.??"]
[Round "6.3"]
[White "Kubat, M."]
[Black "Jonas, V."]
[Result "1-0"]
[WhiteElo "1746"]
[BlackElo "1716"]
[PlyCount "121"]
[EventDate "2004.??.??"]
[Source "ChessBase"]
[SourceDate "1996.11.15"]

1. f4 d5 2. Nf3 Bg4 3. Ne5 Bf5 4. d3 Nd7 5. Nf3 Ngf6 6. g3 e6 7. Bg2 Bb4+ 8. c3
Ba5 9. O-O Bb6+ 10. e3 c5 11. Na3 a6 12. h3 Qe7 13. c4 Bc7 14. Re1 O-O 15. Nh4
Bg6 16. e4 dxe4 17. dxe4 h6 18. e5 Ne8 19. Bxb7 Rd8 20. Qb3 Ba5 21. Rf1 Nc7 22.
Qe3 Nb6 23. Be4 Bxe4 24. Qxe4 Rd4 25. Qe2 Rfd8 26. Nf3 Rd3 27. Be3 Bb4 28. Ne1
R3d7 29. Nec2 Bd2 30. Rad1 Bxe3+ 31. Nxe3 a5 32. Rxd7 Rxd7 33. b3 Qd8 34. Rd1
Na6 35. Nac2 Kf8 36. Kf2 a4 37. Rxd7 Qxd7 38. Qd1 Ke7 39. Qxd7+ Kxd7 40. Ke2
Kc6 41. Kd3 axb3 42. axb3 Nd7 43. Ke4 Nf8 44. h4 h5 45. Ne1 Nb4 46. N3c2 Na6
47. Nf3 Nh7 48. Ng5 Nxg5+ 49. fxg5 g6 50. Na3 Nc7 51. Kf4 Kd7 52. g4 Ke7 53.
gxh5 gxh5 54. Nb5 Ne8 55. Nc3 Kd7 56. g6 fxg6 57. Kg5 Ng7 58. Kxg6 Nf5 59. Kxh5
Ke7 60. Ne4 Nd4 61. Nxc5 1-0

[Event "Plzen, FSB B"]
[Site "?"]
[Date "2004.??.??"]
[Round "6.4"]
[White "Pospisil, A."]
[Black "Zivec, J."]
[Result "1/2-1/2"]
[WhiteElo "1737"]
[BlackElo "1527"]
[PlyCount "83"]
[EventDate "2004.??.??"]
[Source "ChessBase"]
[SourceDate "1996.11.15"]

1. d4 d5 2. Nf3 Nf6 3. g3 e6 4. Bg2 c5 5. c3 Be7 6. O-O O-O 7. Nbd2 b6 8. Ne5
Qc7 9. b3 Bb7 10. Bb2 Nbd7 11. Ndf3 Nxe5 12. Nxe5 Nd7 13. Nxd7 Qxd7 14. Rc1
Rac8 15. a3 cxd4 16. cxd4 Rxc1 17. Qxc1 Rc8 18. Qd2 Qb5 19. b4 Rc4 20. Rc1 Ba6
21. Bf1 Qc6 22. e3 Rxc1 23. Qxc1 Bc4 24. Qc2 b5 25. f3 Qb6 26. Bc3 Bxf1 27.
Kxf1 Qc6 28. Ke2 Qc4+ 29. Qd3 f5 30. e4 fxe4 31. fxe4 Qxd3+ 32. Kxd3 Kf7 33.
Bd2 g5 34. g4 Kg6 35. h3 h5 36. Ke3 Bd6 37. Kf3 Bh2 38. Be3 h4 39. e5 Kh6 40.
Bf2 a6 41. Be1 Kg6 42. Bf2 1/2-1/2

[Event "Plzen, FSB B"]
[Site "?"]
[Date "2004.??.??"]
[Round "6.5"]
[White "Reitinger, J."]
[Black "Pokorny, J."]
[Result "0-1"]
[WhiteElo "1707"]
[BlackElo "1499"]
[PlyCount "52"]
[EventDate "2004.??.??"]
[Source "ChessBase"]
[SourceDate "1996.11.15"]

1. e4 c5 2. Nf3 d6 3. d4 cxd4 4. Qxd4 Nc6 5. Bb5 Bd7 6. Bxc6 Bxc6 7. Nc3 Nf6 8.
Qd3 g6 9. Be3 Bg7 10. O-O-O O-O 11. h4 h5 12. Ng5 a6 13. f4 b5 14. Rhg1 b4 15.
Nd5 Nxd5 16. exd5 Bb5 17. Qe4 Rc8 18. f5 Rc4 19. Qf3 Qa5 20. fxg6 fxg6 21. Qe2
Qxa2 22. Bd4 Rxd4 23. Qe6+ Kh8 24. Rxd4 Bxd4 25. Nf7+ Rxf7 26. Qxf7 Be3+ 0-1

[Event "Plzen, FSB B"]
[Site "?"]
[Date "2004.??.??"]
[Round "6.6"]
[White "Oresky, J."]
[Black "Cisler, M."]
[Result "1/2-1/2"]
[WhiteElo "1582"]
[BlackElo "1485"]
[PlyCount "79"]
[EventDate "2004.??.??"]
[Source "ChessBase"]
[SourceDate "1996.11.15"]

1. e4 e5 2. Nf3 Nc6 3. Bc4 Nf6 4. d3 Bc5 5. Nc3 h6 6. Be3 Bb6 7. Qd2 d6 8. Bxb6
axb6 9. h3 Qe7 10. O-O O-O 11. Rfe1 Be6 12. Nd5 Bxd5 13. Bxd5 Qd7 14. c4 Ra7
15. Bxc6 bxc6 16. Re3 Nh5 17. d4 f6 18. dxe5 fxe5 19. Nxe5 Qe8 20. Ng4 Qg6 21.
g3 Nf6 22. Nxf6+ Rxf6 23. b3 Qh5 24. Kg2 Ra8 25. Qe2 Qe5 26. Rd1 Rg6 27. a4 Rf8
28. Qd3 Re8 29. Qd4 Qf4 30. e5 Qf7 31. exd6 Rxd6 32. Rxe8+ Qxe8 33. Qg4 Rg6 34.
Rd8 Qxd8 35. Qxg6 c5 36. Qe6+ Kh8 37. Qd5 Qc8 38. g4 Qf8 39. Kg3 Qe7 40. h4
1/2-1/2

[Event "Plzen, FSB B"]
[Site "?"]
[Date "2004.??.??"]
[Round "6.7"]
[White "Drazsky, R."]
[Black "Rehak, J."]
[Result "1/2-1/2"]
[WhiteElo "1250"]
[BlackElo "1545"]
[PlyCount "79"]
[EventDate "2004.??.??"]
[Source "ChessBase"]
[SourceDate "1996.11.15"]

1. e4 d6 2. d4 Nf6 3. Nc3 g6 4. Nf3 Bg7 5. Bd3 Bg4 6. O-O O-O 7. h3 Bxf3 8.
Qxf3 Nc6 9. Be3 Nd7 10. Ne2 e5 11. c3 exd4 12. Nxd4 Nce5 13. Qe2 Nxd3 14. Qxd3
Nc5 15. Qc2 Qe7 16. f3 Rfe8 17. Rfe1 Ne6 18. Nxe6 Qxe6 19. Bd4 Qc4 20. Bxg7
Kxg7 21. Qd2 Re5 22. Qd4 Qxd4+ 23. cxd4 Rb5 24. b3 a5 25. Rab1 Rb4 26. d5 Kf8
27. Rec1 Re8 28. Rc4 c5 29. a3 Rb5 30. a4 Rb4 31. Rxb4 axb4 32. Rc1 b5 33. axb5
Rb8 34. Kf2 Rxb5 35. Kg3 Ra5 36. Kf4 f6 37. h4 Ra2 38. g4 Rb2 39. Ra1 Rxb3 40.
Ra8+ 1/2-1/2

[Event "Plzen, FSB B"]
[Site "?"]
[Date "2004.??.??"]
[Round "6.8"]
[White "Chlad, L."]
[Black "Posmurny, O."]
[Result "0-1"]
[WhiteElo "1544"]
[BlackElo "1250"]
[PlyCount "114"]
[EventDate "2004.??.??"]
[Source "ChessBase"]
[SourceDate "1996.11.15"]

1. e4 Nf6 2. e5 Nd5 3. d4 d6 4. c4 Nb6 5. f4 dxe5 6. fxe5 Nc6 7. Nf3 Bg4 8. Be2
e6 9. Nbd2 Be7 10. O-O Nxd4 11. Kh1 Nxe2 12. Qxe2 c6 13. Ne4 O-O 14. b3 Qc7 15.
Bb2 Nd7 16. Qf2 f6 17. Qg3 Bf5 18. Nd6 Bg6 19. Rad1 fxe5 20. Bxe5 Nxe5 21. Qxe5
Rad8 22. Nf5 Qxe5 23. Nxe7+ Kf7 24. Nxe5+ Kxe7 25. Nxg6+ hxg6 26. Kg1 Rxf1+ 27.
Rxf1 Rd2 28. Ra1 e5 29. a3 Rd3 30. b4 b6 31. Kf2 Rc3 32. Re1 Ke6 33. c5 bxc5
34. bxc5 Rxc5 35. Rb1 Rb5 36. Rd1 Ra5 37. Rc1 Kd6 38. Rc3 e4 39. Rg3 g5 40. Rg4
Re5 41. Ke3 Kd5 42. Ke2 c5 43. h4 c4 44. h5 c3 45. Rg3 Kc4 46. Re3 Kb3 47. Kd1
Kb2 48. Re2+ Kxa3 49. Kc2 Kb4 50. g4 a5 51. Re1 Kc4 52. Ra1 e3 53. Re1 a4 54.
Ra1 e2 55. h6 e1=Q 56. Rxe1 Rxe1 57. hxg7 Re8 0-1

[Event "Plzen, FSB B"]
[Site "?"]
[Date "2004.??.??"]
[Round "6.9"]
[White "Krlis, J."]
[Black "Balhar, J."]
[Result "0-1"]
[WhiteElo "1519"]
[BlackElo "1000"]
[PlyCount "70"]
[EventDate "2004.??.??"]
[Source "ChessBase"]
[SourceDate "1996.11.15"]

1. e4 c5 2. Nf3 d6 3. d4 cxd4 4. Nxd4 Nf6 5. Bd3 Nc6 6. Nxc6 bxc6 7. O-O g6 8.
Be3 Bg7 9. Nc3 Ng4 10. Bd2 O-O 11. f4 Qb6+ 12. Kh1 Nf2+ 13. Rxf2 Qxf2 14. Qc1
Qb6 15. Be3 Bd4 16. Bd2 Ba6 17. Bxa6 Qxa6 18. Qe1 Rab8 19. Rb1 Rb7 20. b3 Qb6
21. Qg3 Qc5 22. Rf1 e6 23. e5 Bxc3 24. Bxc3 d5 25. h4 d4 26. Be1 Qxc2 27. Rf2
Qf5 28. Qf3 h5 29. Qxc6 Qb1 30. Rf1 Rbb8 31. Qa6 d3 32. Kg1 Rbc8 33. Bd2 Qc2
34. Rc1 Qxc1+ 35. Bxc1 Rxc1+ 0-1

[Event "Plzen, FSB B"]
[Site "?"]
[Date "2004.??.??"]
[Round "6.10"]
[White "Sulista, D."]
[Black "Chmelar, O."]
[Result "1-0"]
[WhiteElo "1494"]
[BlackElo "1000"]
[PlyCount "37"]
[EventDate "2004.??.??"]
[Source "ChessBase"]
[SourceDate "1996.11.15"]

1. c4 e5 2. Nc3 Nc6 3. g3 Bc5 4. Bg2 Qf6 5. e3 Nge7 6. Nge2 O-O 7. O-O d6 8. f4
exf4 9. Nxf4 Bf5 10. a3 a5 11. Kh1 Ng6 12. Nfd5 Qg5 13. d4 Bg4 14. Qd3 Bb6 15.
Ne4 Qh5 16. Ndf6+ gxf6 17. Nxf6+ Kg7 18. Nxh5+ Bxh5 19. Bd2 {47 tahu} 1-0

[Event "Plzen, FSB B"]
[Site "?"]
[Date "2004.??.??"]
[Round "6.11"]
[White "Hrouza, M."]
[Black "Valek, T."]
[Result "1-0"]
[WhiteElo "1419"]
[BlackElo "1250"]
[PlyCount "63"]
[EventDate "2004.??.??"]
[Source "ChessBase"]
[SourceDate "1996.11.15"]

1. e4 d5 2. exd5 Nf6 3. d4 Nxd5 4. Nf3 Bf5 5. a3 Nc6 6. Bb5 Qd7 7. c4 Qe6+ 8.
Kf1 O-O-O 9. cxd5 Qxd5 10. Nc3 Qd6 11. Bxc6 Qxc6 12. Be3 Qc4+ 13. Ne2 Qb5 14.
b4 f6 15. Qb3 Bd3 16. Re1 Bc4 17. Qc3 e5 18. dxe5 Bxe2+ 19. Rxe2 Rd1+ 20. Ne1
fxe5 21. f3 Bd6 22. Kf2 Rf8 23. Rd2 Rxd2+ 24. Qxd2 e4 25. Qd4 exf3 26. Nxf3 Qa4
27. Rc1 Qxa3 28. Qxd6 Qb2+ 29. Qd2 Qf6 30. Kg1 h5 31. Qc2 Qe7 32. Bc5 1-0

[Event "Plzen, FSB B"]
[Site "?"]
[Date "2004.??.??"]
[Round "6.12"]
[White "Kuca, T."]
[Black "Konig, M."]
[Result "1/2-1/2"]
[WhiteElo "1250"]
[BlackElo "1274"]
[PlyCount "85"]
[EventDate "2004.??.??"]
[Source "ChessBase"]
[SourceDate "1996.11.15"]

1. e4 e5 2. Nf3 Nc6 3. Bb5 a6 4. Ba4 Nf6 5. O-O b5 6. Bb3 d6 7. Re1 Na5 8. c3
Nxb3 9. Qxb3 c5 10. d3 h6 11. a3 Be6 12. Qd1 Bg4 13. h3 Bh5 14. b4 cxb4 15.
cxb4 Be7 16. Bb2 O-O 17. Nbd2 Qd7 18. Qb3 Nh7 19. Rac1 Kh8 20. d4 f6 21. Qd5
Bf7 22. Qc6 Qc8 23. Qxc8 Rfxc8 24. Rxc8+ Rxc8 25. Rc1 Rxc1+ 26. Bxc1 Ng5 27.
Nxg5 hxg5 28. g4 d5 29. Bb2 Bd6 30. f3 Kg8 31. dxe5 Bxe5 32. Bxe5 fxe5 33. Kf2
d4 34. Ke2 Kf8 35. Kf2 Ke7 36. Kg2 Kd6 37. Kf2 Kc6 38. Kg2 Kb6 39. Kf2 a5 40.
Kg2 Kc6 41. Kf2 axb4 42. axb4 Bc4 43. Ke1 1/2-1/2

[Event "Plzen, FSB B"]
[Site "?"]
[Date "2004.??.??"]
[Round "6.13"]
[White "Simlova, J."]
[Black "Iwanow, A."]
[Result "0-1"]
[WhiteElo "1508"]
[BlackElo "1800"]
[PlyCount "66"]
[EventDate "2004.??.??"]
[Source "ChessBase"]
[SourceDate "1996.11.15"]

1. e4 e5 2. Nf3 Nc6 3. d4 exd4 4. Nxd4 Bc5 5. Be3 Qf6 6. c3 Nge7 7. Bc4 Ne5 8.
Bb3 Qg6 9. O-O d6 10. f3 O-O 11. Nd2 Bd7 12. Qe2 Kh8 13. Nc4 Rae8 14. Nxe5 dxe5
15. Nc2 Bxe3+ 16. Nxe3 Qh6 17. Rad1 Be6 18. Bxe6 Qxe6 19. Nc4 Ng6 20. b3 Nf4
21. Qf2 Qg6 22. Rd2 Nh3+ 23. Kh1 Nxf2+ 24. Rfxf2 f6 25. Ne3 Rd8 26. Nd5 Qf7 27.
c4 c6 28. Ne3 Rxd2 29. Rxd2 Qc7 30. Nf5 Rd8 31. Rxd8+ Qxd8 32. h3 g6 33. Ne3
Qd2 0-1

[Event "Plzen, FSB B"]
[Site "?"]
[Date "2004.??.??"]
[Round "6.14"]
[White "Karbusicky, O."]
[Black "Uzel, J."]
[Result "1-0"]
[WhiteElo "1258"]
[BlackElo "1408"]
[PlyCount "63"]
[EventDate "2004.??.??"]
[Source "ChessBase"]
[SourceDate "1996.11.15"]

1. e4 e5 2. Nf3 Nc6 3. Bc4 Nf6 4. d3 Bc5 5. Nc3 O-O 6. Bg5 h6 7. Bh4 d6 8. Nd5
Bg4 9. Nxf6+ gxf6 10. c3 Kg7 11. h3 Bh5 12. b4 Bb6 13. Qb3 Qd7 14. Bg3 f5 15.
Nh4 Ne7 16. f4 exf4 17. Bxf4 Ng6 18. Nxf5+ Kh7 19. Bxh6 Rfe8 20. g4 Nh8 21.
gxh5 Qxf5 22. Rf1 Qxh5 23. Bd2 Qh4+ 24. Kd1 Qxh3 25. Kc2 Qd7 26. Bxf7 Rf8 27.
Be6 Qe7 28. Rh1+ Kg7 29. Bh6+ Kg6 30. Bxf8 Rxf8 31. Bf5+ Kg7 32. Rh7+ 1-0

[Event "Plzen, FSB B"]
[Site "?"]
[Date "2004.??.??"]
[Round "6.15"]
[White "Bauer, T."]
[Black "Siml, O."]
[Result "1-0"]
[WhiteElo "1395"]
[BlackElo "1100"]
[PlyCount "85"]
[EventDate "2004.??.??"]
[Source "ChessBase"]
[SourceDate "1996.11.15"]

1. d4 e5 2. e4 exd4 3. Qxd4 Nc6 4. Qc4 Nf6 5. Bg5 Bb4+ 6. c3 Be7 7. Nf3 d5 8.
exd5 Qxd5 9. Bxf6 Qxc4 10. Bxc4 Bxf6 11. Bb5 Bg4 12. Bxc6+ bxc6 13. Nbd2 O-O
14. O-O Rab8 15. b3 Bxc3 16. Rac1 Bxd2 17. Nxd2 Rfe8 18. Rxc6 Re2 19. f3 Bd7
20. Rc2 Bf5 21. Rb2 Rd8 22. Rd1 c5 23. h3 c4 24. bxc4 Be6 25. Rdb1 g6 26. Ne4
Rxb2 27. Rxb2 Bxc4 28. Rc2 Rd1+ 29. Kf2 Rf1+ 30. Ke3 Re1+ 31. Kd4 Bf1 32. h4
Rd1+ 33. Ke5 Bd3 34. Rd2 Rxd2 35. Nxd2 Kg7 36. Ne4 a5 37. g3 a4 38. Nc3 a3 39.
Kd4 Bf1 40. Nb1 Bg2 41. f4 Bh3 42. Nxa3 Be6 43. Nc4 1-0

[Event "Plzen, FSB B"]
[Site "?"]
[Date "2004.??.??"]
[Round "6.16"]
[White "Nebehaj, O."]
[Black "Kracikova, K."]
[Result "1/2-1/2"]
[WhiteElo "1250"]
[BlackElo "1374"]
[PlyCount "94"]
[EventDate "2004.??.??"]
[Source "ChessBase"]
[SourceDate "1996.11.15"]

1. e4 e5 2. Nf3 Nc6 3. Bb5 d6 4. d4 exd4 5. Nxd4 Bd7 6. Nxc6 bxc6 7. Bc4 g6 8.
Qf3 Qe7 9. O-O Bg7 10. Nc3 Be6 11. Bxe6 Qxe6 12. Bd2 Ne7 13. Rfe1 O-O 14. Bg5
Qe5 15. Bxe7 Qxe7 16. e5 Qd7 17. Rad1 Rfe8 18. exd6 cxd6 19. Rxe8+ Rxe8 20. Ne4
Qe6 21. Ng3 d5 22. Qa3 f5 23. b3 f4 24. Nf1 f3 25. gxf3 Qe2 26. Qc1 Qxf3 27.
Re1 Rf8 28. Qe3 Qg4+ 29. Ng3 Bd4 30. Qe6+ Qxe6 31. Rxe6 Bxf2+ 32. Kg2 Bxg3 33.
hxg3 Rc8 34. Re7 c5 35. Rxa7 c4 36. b4 d4 37. Rd7 d3 38. c3 Ra8 39. a4 Rxa4 40.
b5 Ra2+ 41. Kf3 Rb2 42. Rd4 Rxb5 43. Rxc4 Rb3 44. Ke3 d2 45. Kxd2 Rb2+ 46. Ke3
h5 47. Rc7 Rc2 1/2-1/2

[Event "Plzen, FSB B"]
[Site "?"]
[Date "2004.??.??"]
[Round "6.17"]
[White "Simecek, J."]
[Black "Krizek, M."]
[Result "0-1"]
[WhiteElo "1100"]
[BlackElo "1100"]
[PlyCount "40"]
[EventDate "2004.??.??"]
[Source "ChessBase"]
[SourceDate "1996.11.15"]

1. e4 c5 2. Nf3 d6 3. d4 cxd4 4. Nxd4 Nf6 5. Nc3 g6 6. Be3 Bg7 7. Bc4 O-O 8.
Qd2 Nc6 9. O-O-O Bd7 10. Bh6 Rc8 11. Bxg7 Kxg7 12. f4 Na5 13. Bd3 Qb6 14. Nf3
Ng4 15. Rdf1 Ne3 16. Nd5 Nxf1 17. Nxb6 Nxd2 18. Nxc8 Nxf3 19. Nxe7 Nd4 20. Rf1
Be6 {29 tahu} 0-1

[Event "Plzen, FSB B"]
[Site "?"]
[Date "2004.??.??"]
[Round "6.18"]
[White "Kucera, M."]
[Black "Steinhauserova, A."]
[Result "0-1"]
[WhiteElo "1100"]
[BlackElo "1100"]
[PlyCount "62"]
[EventDate "2004.??.??"]
[Source "ChessBase"]
[SourceDate "1996.11.15"]

1. e4 c5 2. Nc3 d6 3. f4 Nc6 4. Nf3 Nf6 5. Bc4 e6 6. d4 cxd4 7. Nxd4 Be7 8. Be3
O-O 9. Bb3 Bd7 10. Qd2 Rc8 11. O-O-O a6 12. h4 b5 13. Rhg1 b4 14. Nxc6 Bxc6 15.
Ne2 Bxe4 16. Qxb4 a5 17. Qd4 Qc7 18. c3 d5 19. Qb6 Bd6 20. Qxc7 Bxc7 21. g3 Rb8
22. Nd4 Bb6 23. Rde1 Rfc8 24. Kd2 g6 25. g4 Kg7 26. a4 Bxd4 27. Bxd4 Rxb3 28.
g5 Rxb2+ 29. Ke3 Ra2 30. Bxf6+ Kf8 31. Rb1 Bxb1 0-1

[Event "Plzen, FSB B"]
[Site "?"]
[Date "2004.??.??"]
[Round "6.19"]
[White "Steinhauser, V."]
[Black "Lorenc, D."]
[Result "0-1"]
[WhiteElo "1100"]
[BlackElo "1100"]
[PlyCount "42"]
[EventDate "2004.??.??"]
[Source "ChessBase"]
[SourceDate "1996.11.15"]

1. e4 e5 2. Nc3 Nf6 3. f4 d6 4. Nf3 Nc6 5. d4 exf4 6. e5 Qe7 7. Bxf4 Bg4 8. h3
Bxf3 9. gxf3 dxe5 10. dxe5 Nxe5 11. Bxe5 Qxe5+ 12. Be2 Rd8 13. Qc1 Bb4 14. f4
Qe4 15. Kf1 Qxh1+ 16. Kf2 Qh2+ 17. Kf3 Qxh3+ 18. Kf2 Bc5+ 19. Ke1 O-O 20. Bf1
Rfe8+ 21. Ne2 Qg3# 0-1

[Event "Plzen, FSB B"]
[Site "?"]
[Date "2004.??.??"]
[Round "7.1"]
[White "Havlik, J."]
[Black "Palkova, K."]
[Result "1/2-1/2"]
[WhiteElo "1775"]
[BlackElo "1713"]
[PlyCount "73"]
[EventDate "2004.??.??"]
[Source "ChessBase"]
[SourceDate "1996.11.15"]

1. d4 d5 2. Nf3 Nf6 3. c4 e6 4. Bg5 c6 5. Nc3 Nbd7 6. e3 Be7 7. Qc2 O-O 8. Bd3
Re8 9. O-O h6 10. Bh4 dxc4 11. Bxc4 c5 12. Bg3 Nh5 13. Ne4 cxd4 14. Nxd4 Nxg3
15. Nxg3 a6 16. Bxe6 Ne5 17. Bb3 Bd7 18. Rfd1 Rc8 19. Qe4 Qc7 20. Nf3 Bf6 21.
Nxe5 Bxe5 22. Qf3 Bc6 23. Qe2 Bb5 24. Qg4 Bxb2 25. Rab1 Be5 26. Nf5 Kh8 27. Qh5
Bc4 28. Rbc1 Be2 29. Qxe2 Qxc1 30. f4 Qc5 31. fxe5 Rxe5 32. Nd6 Rxe3 33. Qf2
Re2 34. Qxc5 Rxc5 35. Nxf7+ Kh7 36. h3 b5 37. Rb1 1/2-1/2